000 00674nam a22002297a 4500
003 UA-OsUOA
001 34523
007 ta
008 20051011b un ||||| |||| 00| 0 ukr d
090 _a821.161.2(083-87)
942 _cBK
040 _aUA-OsUOA
_bukr
_cUA-OsUOA
_dUA-OsUOA
245 _aКонкордація поетичних творів Тараса Шевченка
_cІльницький О80630
300 _a3230 с.
955 _a3
041 _aukr
080 _a821.161.2(083-87)
020 _a1-895571-38-3
260 _aЕдмонтон
_bКУІС
_c2001
246 3 1 _a4
_n
650 7 _a82 Література. Літературознавство
_2UDC
999 _c320951
_d320951